Salas and Hille's calculus : one variable
Saved in:
| Main Author: | |
|---|---|
| Other Authors: | , |
| Format: | Book |
| Language: | English |
| Published: |
New York :
John Wiley & Sons,
c1995
|
| Edition: | 7th ed. |
| Subjects: | |
| Tags: |
Add Tag
No Tags, Be the first to tag this record!
|
MARC
| LEADER | 00000nam a2200000 i 4500 | ||
|---|---|---|---|
| 001 | 1/50137 | ||
| 008 | 980728s1995 eng d | ||
| 020 | |a 0-471-58725-7 | ||
| 035 | |l 10043800 | ||
| 040 | |a GR-MY-UA |b gre |e aacr | ||
| 041 | 0 | |a eng | |
| 082 | 0 | |a 515 | |
| 100 | 1 | |a Salas, Saturnino L. | |
| 245 | 1 | 0 | |a Salas and Hille's calculus : |b one variable / |c revised by Garret J. Etgen |
| 250 | |a 7th ed. | ||
| 260 | |a New York : |b John Wiley & Sons, |c c1995 | ||
| 300 | |a xix, 771, 72, 7 p.; |b ill.; |c 26 cm. | ||
| 500 | |a Rev. ed. of: Calculus : one variable. 6th ed. 1990. | ||
| 504 | |a Includes index | ||
| 650 | 0 | 0 | |a Calculus. |
| 700 | 1 | |a Hille, Einar |d 1894- | |
| 700 | 1 | |a Etgen, Garret J. |d 1937- | |
| 852 | |a INST |b SAMOS |e 19980728 |h 515 SAL |p 005300010882 |q 005300010882 |t BK |y 0 | ||
| 852 | |a INST |b SAMOS |e 20000425 |h 515 SAL |p 005300017767 |q 005300017767 |t BK |y 0 | ||
| 901 | |a BIBL3-2000-1 | ||
| 901 | |a BIBL3-1998-2 | ||
| 909 | |a Σ |b 077170 | ||
| 909 | |a Σ |b 057556 | ||
| 922 | |a 3ΕΛΗ |b 200003 |c ΚΠΣ |d LEADER | ||
| 922 | |a 3ΕΛΗ |b 199807 |c ΔΩΡ |d JOHN WILEY | ||
| 970 | |a ΠΟΥΡΝΑΡΑΣ |b ΔΗΜΗΤΡΗΣ |z 2000/04/24 | ||